Biblioteca ESET

Encuentro con Flo. (Registro nro. 1379)

Detalles MARC
000 -CABECERA
fixed length control field 00782nam a22002537a 4500
003 - CONTROL NUMBER IDENTIFIER
control field AR-BeUNQ
005 - FECHA Y HORA DE LA ULTIMA TRANSACCION
control field 20251006150158.0
008 - ELEMENTOS DE LONGITUD FIJA-INFORMACION GENERAL
fixed length control field 251006b20122025spa |||jrn||| 000 0 spa d
020 ## - NUMERO INTERNACIONAL NORMALIZADO PARA LIBROS
Número Internacional Normalizado del libro 978987573
040 ## - FUENTE DE CATALOGACION
Agencia de catalogación original AR-BeUNQ
Idioma de catalogación ESPAÑOL
Agencia que realiza la transcripción AR-BeUNQ
Convenciones de la descripción aacr
082 ## - NUMERO DE CLASIFICACION DECIMAL DEWEYMBER
Número de la edición 21
Número de clasificación A863 ESC
100 10 - ASIENTO PRINCIPAL-NOMBRE PERSONAL
Nombre personal Escudero, Laura
Títulos u otras palabras asociadas al nombre aut.
Fecha asociada al nombre 1967
245 1# - MENCION DE TITULO
Título Encuentro con Flo.
Mención de responsabilidad, etc Laura Escudero.
250 ## - MENCION DE EDICION
Mención de edición 1a. ed
260 ## - PUBLICACION, DISTRIBUCION, ETC.
Lugar de publicación, distribución, etc. Buenos Aires :
Nombre del editor, distribuidor, etc. SM,
Fecha de publicación, distribución, etc 2012
300 ## - DESCRIPCION FISICA
Extensión 176 p. ;
Dimensiones 19 cm
490 ## - MENCION DE SERIE
Mención de serie El Barco de Vapor
Designación numérica/secuencial del volumen Serie Roja,7
500 ## - NOTA GENERAL
Nota general Novela juvenil.
648 1# - ASIENTO SECUNDARIO DE MATERIA - TERMINO CRONOLOGICO
Fuente del encabezamiento o término tell
Término cronológico Literatura juvenil.
651 ## - ASIENTO SECUNDARIO DE MATERIA - NOMBRE GEOGRAFICO
Fuente del encabezamiento o término unescot
Nombre geográfico Argentina
856 ## - LOCALIZACION Y ACCESO ELECTRONICOS
Materials specified https://es.slideshare.net/slideshow/encuentro-conflopdf/142414422
929 10 - DATOS DE ADQUISICION
Procedencia DONACION
Proveedor EESN°15
Orden de compra 0
Precio 0
Fecha de recibido 2018
Patrimonio UNQ PAT 0083104
Número de inventario 63558
942 ## - ELEMENTOS DE PUNTO DE ACCESO ADICIONAL (KOHA)
Tipo de ítem Koha Libros
Existencias
Estado de retiro Estado de pérdida Ubicación permanente Ubicación actual Ubicación en estantería Fecha de ingreso Total Checkouts Signatura topográfica completa Inventario Date last seen Tipo de ítem Koha Operador
    Biblioteca ESET - UNQ Biblioteca ESET - UNQ CIRCULACION 06/10/2025   A863 ESC 63558 06/10/2025 Libros Gladys Alarcon

ESET UNQ

☏ 4365-7188
 Avenida República de Francia 1714 entre Doctor Kenny y Concordia, Ezpeleta, Bs As.
✉ secretaria_eset@unq.edu.ar

Con tecnología Koha